Chambers adult learners' dictionary (Record no. 37046)

MARC details
000 -LEADER
fixed length control field 00621nam a2200169 a 4500
008 - FIXED-LENGTH DATA ELEMENTS--GENERAL INFORMATION
fixed length control field 130417s2005 ||||||||||||||||| || u
020 ## - INTERNATIONAL STANDARD BOOK NUMBER
International Standard Book Number 0550101829
050 ## - LIBRARY OF CONGRESS CALL NUMBER
Classification number PE 1628 Cha
100 ## - MAIN ENTRY--PERSONAL NAME
Personal name Brookes, Ian
245 10 - TITLE STATEMENT
Title Chambers adult learners' dictionary
Statement of responsibility, etc. edited by Ian Brookes (and others)
260 ## - PUBLICATION, DISTRIBUTION, ETC.
Place of publication, distribution, etc. Edinburgh:
Name of publisher, distributor, etc. Chambers Harrap Publishers Ltd
Date of publication, distribution, etc. 2005
300 ## - PHYSICAL DESCRIPTION
Extent xiv, 658p.
650 #0 - SUBJECT ADDED ENTRY--TOPICAL TERM
Topical term or geographic name entry element ENGLISH LANGUAGE--DICTIONARIES
700 ## - ADDED ENTRY--PERSONAL NAME
Personal name Hollingworth, Lucy
700 ## - ADDED ENTRY--PERSONAL NAME
Personal name Bulhosen, Pat
995 ## - RECOMMENDATION 995 [LOCAL, UNIMARC FRANCE]
-- CBU-MAIN LIBRARY (Kitwe)
-- 1
-- REFERENCE
-- Jun 13, 2013
-- Reference Collection
Holdings
Withdrawn status Lost status Source of classification or shelving scheme Damaged status Not for loan Home library Current library Shelving location Date acquired Total Checkouts Full call number Barcode Date last seen Price effective from Koha item type
          CBU-MAIN LIBRARY, KITWE. CBU-MAIN LIBRARY, KITWE.   11/30/2022   PE 1628 Cha 743906 11/30/2022 11/30/2022 MONOGRAPH